LEADER 01508nam a2200361 u 4500 001 000000034499 003 CaOOAMICUS 005 20100930133622.0 008 980119s1995 it u000 u ita u 020 $a88 348 5023 8 035 $a10780456 040 $aPUL$bita 082 04$a343 100 1 $aFioravanti, Maurizio.$0(OLS)http://pul/name/26567 245 10$aAppunti di storia delle costituzioni moderne :$ble libertą fondamentali /$cMaurizio Fioravanti. 250 $a2. ed. 260 $aTorino :$bGiappichelli,$c1995. 300 $a176 p. ;$c21 cm 490 1 $aIl diritto nella storia ;$v4 504 $aBibliografia: p. 157-174. 650 4$aDiritto costituzionale.$0(OLS)http://pul/subject/1174 830 3$aIl diritto nella storia ;$v4.$0(OLS)http://pul/title/47481 850 $aPUL 852 $aPUL$W1$xSL Diritto e Scienze Sociali 1$y4$m175 A 68$j47247$nBK-PRI$b $qStampati$B47247$CPULBib$Z2$F47247 $81 852 $aPUL$W1$xSL Diritto e Scienze Sociali 3$y79$m343 FIOMA 1$j141637$a2. copia$qDDC 21$B140667$CPULBib$Z2$F140667 $H112508 $82 941 1 $a8 941 1 $a9 961 $aINV: 77253 corrente 996 $6020$a88 348 5023 8$9(OLS)http://pul/number/43296 996 $6082$a343$9(OLS)http://pul/classification/645 996 $6245$aAppunti di storia delle costituzioni moderne :$ble libertą fondamentali$9(OLS)http://pul/title/47480 996 $6260$aTorino :$bGiappichelli$9(OLS)http://pul/publisher/48244 LEADER 01538nam a2200313 a 4500 001 000000137451 003 CaOOAMICUS 005 20140224115714.0 008 140224s2013 it c u000 u ita r 020 $a978-88-98146-11-6 040 $aPUL$bita 082 04$a880.09 245 00$aGregi Christi ministrantes :$bstudi di letteratura cristiana antica in onore di Pietro Meloni /$ca cura di Antonio Piras e Gian Franco Saba. 260 $aCagliari :$bPFTS University Press,$c©2013. 300 $a254 p. :$britr. ;$c24 cm 490 1 $aStudi e ricerche di cultura religiosa. Testi e monografie ;$v06 650 4$aLetteratura cristiana antica.$0(OLS)http://pul/subject/996 700 1 $aMeloni, Piero,$d1920-$0(OLS)http://pul/name/415 700 1 $aPiras, Antonio.$0(OLS)http://pul/name/88581 700 1 $aSaba, Gian Franco.$0(OLS)http://pul/name/85945 830 0$aStudi e ricerche di cultura religiosa.$pTesti e monografie ;$v06.$0(OLS)http://pul/title/174017 850 $aPUL 852 $aPUL$W1$xDP2 Cons. Gen., Altre Classi 3$y97$m880. 09 PIRAN 1$j158451$qDDC 21$B157970$CPULBib$Z2$F157970 $H123558 $82 941 1 $a9 996 $6020$a978-88-98146-11-6$9(OLS)http://pul/number/154558 996 $6082$a880.09$9(OLS)http://pul/classification/1889 996 $6245$aGregi Christi ministrantes :$bstudi di letteratura cristiana antica in onore di Pietro Meloni$9(OLS)http://pul/title/174016 996 $6260$aCagliari :$bPFTS University Press$9(OLS)http://pul/publisher/82625